| 000 | 00459 a2200169 4500 | ||
|---|---|---|---|
| 005 | 20260427151510.0 | ||
| 008 | 260427b |||||||| |||| 00| 0 eng d | ||
| 020 | _a9780817912949 | ||
| 040 | _cSDCL | ||
| 041 |
_2eng _aeng |
||
| 084 | _aV46'P Q1 | ||
| 100 |
_aLewis, Bernard _91235783 |
||
| 245 | _aThe End of Modern History in the Middle East | ||
| 260 |
_aCalifornia : _bHoover Institution Press, _c2011. |
||
| 300 | _axxvi, 188p. | ||
| 942 |
_cTEXL _2CC |
||
| 999 |
_c1848547 _d1848547 |
||